00206 a2200097 4500245003200000100001800032650001500050005001700065084000900082999001700091 aTILL DEATH DO US PARThText aCAROLYN KEENE aliterature20191021095127.0 aNONE c11850d11850